LEADER 05154nam 2200601 450 001 9910144719803321 005 20170816124447.0 010 $a1-281-84270-2 010 $a9786611842703 010 $a3-527-61509-1 010 $a3-527-61508-3 035 $a(CKB)1000000000377528 035 $a(EBL)482299 035 $a(OCoLC)289076965 035 $a(SSID)ssj0000201675 035 $a(PQKBManifestationID)11188272 035 $a(PQKBTitleCode)TC0000201675 035 $a(PQKBWorkID)10245523 035 $a(PQKB)10321108 035 $a(MiAaPQ)EBC482299 035 $a(EXLCZ)991000000000377528 100 $a20160819h19961996 uy 0 101 0 $aeng 135 $aur|n|---||||| 181 $ctxt 182 $cc 183 $acr 200 00$aMetallomesogens $esynthesis, properties, and applications /$fedited by Jose? Luis Serrano 210 1$aWeinheim, [Germany] :$cVCH,$d1996. 210 4$d©1996 215 $a1 online resource (520 p.) 300 $aDescription based upon print version of record. 311 $a3-527-29296-9 320 $aIncludes bibliographical references at the end of each chapters and index. 327 $aMetallomesogens; Biography; Preface; Contents; List of Contributors; 1 Introduction; 1.1 General Concepts: Metallomesogens; 1.2 General Concepts: Liquid Crystals; 1.3 Mesophases; 1.3.1 Calamitic Mesophases; 1.3.2 Discotic Mesophases [30]; 1.3.3 Lyotropic Mesophases; References; Part A Materials; 2 Low Molecular Weight Lyotropic Metallomesogens; 2.1 Micellar Lyotropic Metallomesogens; 2.2 Chromonic Metallomesogens; 2.3 Summary; References; 3 Low Molecular Weight Calamitic Metallomesogens; 3.1 Metal-Organic Liquid Crystals; 3.1.1 Metal-Organic Liquid Crystals with Monodentate Ligands 327 $a3.1.1.1 Nitrile Ligands3.1.1.2 Pyridine Ligands; 3.1.1.3 Amine Ligands; 3.1.1.4 Thiolate Ligands; 3.1.1.5 Summary; 3.1.2 Metal-Organic Liquid Crystals with Bidentate Ligands; 31.2.1 2-Substituted Pyrrole Derivatives; 3.1.2.2 Salicylideneamine Derivatives; 3.1.2.3 Enaminoketone Derivatives; 3.1.2.4 Aroylhydrazine Derivatives; 3.1.2.5 ?-P-Diketone Derivatives; 3.1.2.6 Salicylaldehyde Derivatives; 3.1.2.7 Alkylcarboxylate Derivatives; 3.1.2.8 Monothio-?-Diketone Derivatives; 3.1.2.9 Dithiolene Derivatives; 3.1.2.10 Dithiobenzoate Derivatives; 3.1.2.11 Dithiocarbamate Derivatives 327 $a3.1.2.12 Summary3.1.3 Metal-Organic Liquid Crystals with Tetradentate Ligands; 3.1.3.1 Annelide Derivatives; 3.1.3.2 Porphyrin Derivatives; 3.1.3.3 Salicylidenediamine Derivatives; 3.1.3.4 2,2 '-Bipyridine Derivatives; 3.1.3.5 1,10-Diaza-4,7,13,16-Tetrathiacyclooctadecane Derivatives; 3.1.3.6 Summary; 3.2 Organometallic Liquid Crystals; 3.2.1 Organometallic Liquid Crystals with Monodentate Ligands; 3.2.1.1 Alkynyl Derivatives; 3.2.1.2 Isonitrile Derivatives; 3.2.1.3 Summary; 3.2.2 Organometallic Liquid Crystals with Bidentate Ligands; 3.2.2.1 Dinuclear ortho-Palladated Complexes 327 $a3.2.2.2 Mononuclear ortho-Metallated Complexes3.2.2.3 Summary; 3.2.3 Organometallic Liquid Crystals with Meta-? Bonds; 3.2.3.1 Metallocene Derivatives; 3.2.3.2 Butadiene Complexes; 3.2.3.3 Summary; References; 4 Low Molecular Weight Discotic Metallomesogens; 4.1 Mononuclear Metal Complexes with Bidentate Ligands; 4.1.1 ?-Diketonate Complexes; 4.1.1.1 Complexes with one Aliphatic Ring at each Phenyl Ring; 4.1.1.2 Complexes with two or more Aliphatic Chains at each Phenyl Ring; 4.1.2 Dithiolene Complexes; 4.1.3 1. 2.Dioxime Complexes; 4.2 Dinuclear Metal Complexes with Bidentate Ligands 327 $a4.2.1 Carboxylate Complexes4.2.2 Dithiocarboxylate Complexes; 4.2.3 Benzalimine Complexes; 4.3 Metal Complexes with Tridentate Ligands; 4.3.1 1.4. 7-Triazacyclononane Complexes; 4.3.2 Pyridinediyl-2, 6.dimethanol Complexes; 4.3.3 1.3. 5-Triketonate Complexes; 4.4 Mononuclear Metal Complexes with Tetradentate Ligands; 4.4.1 Phthalocyanine Complexes; 4.4.2 Porphyrin Complexes; 4.4.3 Tetraazaporphyrin Complexes; 4.4.4 Tetrapyrazinoporphyrazine Complexes; 4.4.5 1.4.8. 11-Tetraazacyclotetradecane Complexes; 4.4.6 Bis(salicylidene)diimine Complexes; 4.4.7 P-Diketonate Schiff Base Complexes 327 $a4.4.8 Calixarene Complexes 330 $aResearch on metal-containing liquid crystals is a rapidly expanding, multidisciplinary field with new materials continually being synthesized and novel applications being developed. 'Metallomesogens' is the first comprehensive survey of the field, introducing the reader to:* materials design* synthesis* physical properties* emerging applicationsCarefully selected references round off this well-organized compendium. It is an indispensable guide to experienced researchers in coordination and organometallic chemistry as well as in liquid-crystal and materials science. 606 $aMetallomesogens 608 $aElectronic books. 615 0$aMetallomesogens. 676 $a669.95 702 $aSerrano$b Jose? Luis 801 0$bMiAaPQ 801 1$bMiAaPQ 801 2$bMiAaPQ 906 $aBOOK 912 $a9910144719803321 996 $aMetallomesogens$91501522 997 $aUNINA LEADER 04570 am 22007573u 450 001 996309066203316 005 20200831091749.0 010 $a1-5015-0487-8 010 $a1-5015-0491-6 024 7 $a10.1515/9781501504914 035 $a(CKB)4100000005043677 035 $a(DE-B1597)470421 035 $a(OCoLC)1041993377 035 $a(DE-B1597)9781501504914 035 $aEBL5525620 035 $a(AU-PeEL)EBL5525620 035 $a(EXLCZ)994100000005043677 100 $a20190723d2018 fg 101 0 $aeng 135 $auru|||||||||| 181 $ctxt$2rdacontent 182 $cc$2rdamedia 183 $acr$2rdacarrier 200 04$aDie babylonisch-assyrische Medizin in Texten und Untersuchungen$h9$iAssyrian and Babylonian Scholarly Text Catalogues ; Medicine, Magic and Divination /$fUlrike Steinert 210 1$aBerlin ;$aBoston :$cDe Gruyter,$d[2018] 210 4$d©2018 215 $a1 online resource (vi,384 pages, plates) $cillustrations 225 0 $aDie babylonisch-assyrische Medizin in Texten und Untersuchungen ;$v9 300 $aDescription based upon print version of record. 311 $a1-5015-1363-X 320 $aIncludes bibliographical references and index 327 $tFrontmatter --$tTable of Contents --$tAcknowledgements --$tAbbreviations --$tIntroduction /$rSteinert, Ulrike --$tPart 1. Studies on Mesopotamian Text Catalogues --$tOn Three Tablet Inventories /$rFinkel, Irving L. --$tA Babylonian Hippocrates /$rGeller, Markham J. --$tTowards a New Perspective on Babylonian Medicine /$rJohnson, J. Cale --$tNotes on the Assur Medical Catalogue with Comparison to the Nineveh Medical Encyclopaedia /$rPanayotov, Strahil V. --$tThe Catalogues of En?ma Anu Enlil /$rRochberg, Francesca --$tEsagil-k?n-apli's Catalogue of Sakikkû and Alamdimmû /$rSchmidtchen, Eric --$tCatalogues, Texts and Specialists /$rSteinert, Ulrike --$tPart 2. Text Sources --$t1. The Assur Medical Catalogue (AMC) /$rSteinert, Ulrike --$t2. The Exorcist's Manual (KAR 44) /$rGeller, M. J. --$t3 The Edition of Esagil-k?n-apli's Catalogue of the Series Sakikkû (SA.GIG) and Alamdimmû /$rSchmidtchen, E. --$tPlates --$tList of Illustrations --$tIndices 330 $aThe reconstruction of ancient Mesopotamian medical, ritual and omen compendia and their complex history is still characterised by many difficulties, debates and gaps due to fragmentary or unpublished evidence. This book offers the first complete edition of the Assur Medical Catalogue, an 8th or 7th century BCE list of therapeutic texts, which forms a core witness for the serialisation of medical compendia in the 1st millennium BCE. The volume presents detailed analyses of this and several other related catalogues of omen series and rituals, constituting the corpora of divination and healing disciplines. The contributions discuss links between catalogues and textual sources, providing new insights into the development of compendia between serialization, standardization and diversity of local traditions. Though its a novel corpus-based approach, this volume revolutionizes the current understanding of Mesopotamian medical texts and the healing disciplines of "conjurer" and "physician". The research presented here allows one to identify core text corpora for these disciplines, as well as areas of exchange and borrowings between them. 410 4$aDie babylonisch-assyrische Medizin in Texten und Untersuchungen ;$vBand 9. 606 $aMagie 606 $aMedicine 606 $aMedizin 606 $aMesopotamian scholarship 606 $aMesopotamische Forschung 606 $aProphezeiung 606 $adivination 606 $amagic 606 $3(DE-601)104584963$3(DE-588)4038243-6$aMedizin$2gnd 606 $aHISTORY / Middle East / General$2bisacsh 610 $aMedicine. 610 $aMesopotamian scholarship. 610 $adivination. 610 $amagic. 615 4$aMagie. 615 4$aMedicine. 615 4$aMedizin. 615 4$aMesopotamian scholarship. 615 4$aMesopotamische Forschung. 615 4$aProphezeiung. 615 4$adivination. 615 4$amagic. 615 7$aMedizin 615 7$aHISTORY / Middle East / General. 702 $aSteinert$b Ulrike 712 02$aEuropean Research Council (ERC)$4fnd$4http://id.loc.gov/vocabulary/relators/fnd 801 0$bDE-B1597 801 1$bDE-B1597 906 $aBOOK 912 $a996309066203316 996 $aDie babylonisch-assyrische Medizin in Texten und Untersuchungen$92256079 997 $aUNISA